| 000 | 01058nam a2200253Ia 4500 | ||
|---|---|---|---|
| 003 | OSt | ||
| 005 | 20220930190100.0 | ||
| 006 | a|||||r|||| 00| 0 | ||
| 007 | ta | ||
| 008 | 220926b |||||||| |||| 00| 0 hin d | ||
| 020 | _c75 | ||
| 024 | _a92681 | ||
| 037 |
_b536, 19/03/2009, Vani Prakashan _cTextbook |
||
| 040 |
_aCRL _cCRL _bhin |
||
| 041 |
_2hin _ahin |
||
| 082 | _aO496,6M06x, 152K6 | ||
| 100 |
_aविद्यालंकार, महाव्रत, अनु. _9165984 |
||
| 245 | 0 |
_aपुरानी धरती का बेटा _b मंगोलिया के कालजयी लेखक नात्स्गदोर्ल की रचनाएॅं |
|
| 246 | _aEriyopejiṭikā | ||
| 260 |
_aनई दिल्ली, _bसाहित्य अकादेमी, भारत _c1966 |
||
| 300 |
_a120पृ0 _ccm. |
||
| 942 |
_hO496,6M06x, 152K6 _cTB _2CC |
||
| 999 |
_c891590 _d891590 |
||